00738cam a22001817a 4500008004000000020001500040082001600055100002100071245012300092260003400215300001000249650004400259650003500303700002100338999001900359952008900378952008900467180718b1993 xxu||||| |||| 00| 0 eng d a8120407776 aZ13x54 Sr38 aSrivastava, Roli aAgricultural research through international cooperation: the Indian experiencecby Roli Srivastava and G.C. Srivastava aNew DelhibOxford & IBHc1993 a144p. aAgriculture - International cooperation aAgriculture - Research - India aSrivastava, G.C. c487994d487994 00104070aIIPAbIIPAd2018-08-04oZ13x54 Sr38pGR15069r2018-08-04w2018-08-04yGR 00104070aIIPAbIIPAd2018-08-04oZ13x54 Sr38pGR15068r2018-08-04w2018-08-04yGR